| 000 | 01235nam a22003017a 4500 | ||
|---|---|---|---|
| 001 | 6556 | ||
| 003 | FISKH | ||
| 005 | 20250509122918.0 | ||
| 008 | 250509b cb ||||| |||| 00| 0 eng d | ||
| 020 | _a9780439696746 | ||
| 040 |
_aFISKH _beng _cFISKH _dFISKH |
||
| 050 | _aSF75 .D39 | ||
| 082 | _a636 | ||
| 100 | _aDaynes, Katie | ||
| 245 |
_aFarm animals / _cKatie Daynes ; Designed by Nickey Butler and Catherine-Anne Mackinnon |
||
| 260 |
_aNew York : _bScholastic, _c2005 |
||
| 300 |
_a32 pages : _bcolor illustrations ; _c21 cm |
||
| 490 | _aUsborne beginners | ||
| 505 | _aP | ||
| 520 | _aHow do pigs keep cool? Why do farmers shear their sheep? Which farm animals live underwater? In this book you'll find the answers and lots more facts about farm animals around the world. Farm animals is part of an exciting new series of books for children who are beginning to read on their own. The easy-to-read text has been specially written with the help of a reading expert. | ||
| 521 | 8 |
_a620
_bLexile IG |
|
| 521 | 8 |
_aP _bRaz-Plus |
|
| 650 |
_aFarm Animals _vFiction |
||
| 700 |
_aButler, Nickey _eillustrator |
||
| 700 |
_aMackinnon, Catherine-Anne _eillustrator |
||
| 942 |
_2ddc _cBK _n0 |
||
| 999 |
_c6556 _d6556 |
||